00712nam a2200181 a 450000100100000000500170001000800410002704000250006808200150009310000500010824500840015826000550024230000210029749000370031883000450035595201130040099900170051300003653820200930075804.0120119s1973 ve 000 0 spa d aDO-SdBNPbspacBNPHU axxxbD542t1 aDíaz Sánchez, Ramón,d1903-1968.92343810aTransición :bpolítica y realidad en Venezuela /cRamón Díaz Sánchez. aCaracas, Venezuela :bMonte Avila Editores,c1973. a179 p. ;c16 cm.1 aBiblioteca popular el doradov69 0aBiblioteca popular el dorado;v69913605 001050718MOaGRbGRcCTd2012-01-19iLF1l0oxxx D542tp36538-10r2020-06-25w2020-06-25y1ZNo se presta c36029d36029